LEADER 01025nam0-22003371i-450- 001 990003086490403321 010 $a3-16-528882-8 035 $a000308649 035 $aFED01000308649 035 $a(Aleph)000308649FED01 035 $a000308649 100 $a20000920d1973----km-y0itay50------ba 101 0 $aita 102 $aIT 200 1 $aGesammelte Aufsätze zur Wissenschaftslehre$fvon Max Weber. 205 $a4 Auflage. 210 $aTübingen$cJ. C. B. Mohr$d1973. 215 $aXII, 613 p.$d23 cm 540 0 $a<> metodo delle scienze storico-sociali / Max Weber 540 0 $a<> metodo delle scienze storico-sociali / Max Weber ; Introduzione e traduzione di Pietro Rossi 676 $a11120 676 $a21110 702 1$aWeber,$bMax$f<1864-1920> 801 0$aIT$bUNINA$gRICA$2UNIMARC 901 $aBK 912 $a990003086490403321 952 $a21110 WEB$b9330/I$fSES 959 $aSES 996 $aGesammelte Aufsätze zur Wissenschaftslehre$9460441 997 $aUNINA DB $aING01 LEADER 00971nam a22002651i 4500 001 991000327909707536 005 20031005221443.0 008 040204s1982 it |||||||||||||||||ita 020 $a8806544292 035 $ab12600507-39ule_inst 035 $aARCHE-060771$9ExL 040 $aDip. SSC$bita$cA.t.i. Arché s.c.r.l. Pandora Sicilia s.r.l. 082 04$a832.6 100 1 $aSchiller, Friedrich$037289 245 10$aMaria Stuarda /$cFriedrich Schiller ; nota introduttiva e traduzione di Maria Donatella Ponti 260 $aTorino :$bEinaudi,$c1982 300 $aVII, 123 p. ;$c18 cm 440 0$aCollezione di teatro ;$v260 700 1 $aPonti, Maria Donatella 907 $a.b12600507$b02-04-14$c12-02-04 912 $a991000327909707536 945 $aLE021 LETTDRAM13A16$g1$iLE021-6822$lle021$o-$pE0.00$q-$rl$s- $t0$u0$v0$w0$x0$y.i13081202$z12-02-04 996 $aMaria Stuarda$975122 997 $aUNISALENTO 998 $ale021$b12-02-04$cm$da $e-$fita$git $h0$i1